| 000 | 00470nam a22001817a 4500 | ||
|---|---|---|---|
| 003 | OSt | ||
| 008 | 220208b ||||| |||| 00| 0 eng d | ||
| 082 | _a615.19 TIL | ||
| 100 | _aTiwari, Abhishak | ||
| 245 | _aLaboratory Manual of Pharmaceutical Organic Chemistry | ||
| 250 | _a5th | ||
| 260 |
_aNew Delhi _bNirali _c2020 |
||
| 300 | _aMisc | ||
| 650 | _aPharmaceutical Organic Chemistry | ||
| 700 | _aAnita Singh | ||
| 700 | _aUpmanyu & Tewari | ||
| 942 |
_2ddc _cBK |
||
| 999 |
_c11078 _d11078 |
||